00428nam a2200169Ia 4500003000400000005001700004008004100021020001800062040000700080041000800087082001700095100002300112245006700135260002800202300001400230365001400244OSt20230421092234.0210423s2007 xx 000 0 und d a9780415285414 cAL aeng a811.509 BEAR aBEASLEY (Rebecca). aTheorists of modernist poetry:T.S eliot, T.E halme, ezrapound. aLondonbRoutledgec2007 ax,144bPB b1097cINR